<?phpxml version="1.0" encoding="ISO-8859-1"?>
 <collection>
  

 
 <record>
 <datafield tag="088" ind1="" ind2="">
  <subfield code="a">RighSala04</subfield> 
  </datafield>
 <datafield tag="024" ind1="7" ind2="">
  <subfield code="a">10.1016/j.endm.2004.03.047</subfield> 
  <subfield code="2">doi</subfield> 
  </datafield>
 <datafield tag="245" ind1="" ind2="">
  <subfield code="a">Dynamic programming algorithms for the elementary shortest path problem with resource constraints</subfield> 
  </datafield>
 <datafield tag="260" ind1="" ind2="">
  <subfield code="c">2004</subfield> 
  </datafield>
 <datafield tag="700" ind1="" ind2="">
  <subfield code="a">Righini, G.</subfield> 
  </datafield>
 <datafield tag="700" ind1="" ind2="">
  <subfield code="a">Salani, Matteo</subfield> 
  </datafield>
 <datafield tag="773" ind1="" ind2="">
  <subfield code="c">247 - 249</subfield> 
  <subfield code="p">Electronic Notes in Discrete Mathematics</subfield> 
  <subfield code="x">1571-0653</subfield> 
  <subfield code="v">17</subfield> 
  <subfield code="y">2004</subfield> 
  <subfield code="u">http://www.elsevier.com/locate/endm</subfield> 
  </datafield>
 <datafield tag="909" ind1="C" ind2="0">
  <subfield code="p">TRANSP-OR</subfield> 
  </datafield>
 <datafield tag="973" ind1="" ind2="">
  <subfield code="a">EPFL</subfield> 
<br />
<b>Fatal error</b>:  Uncaught Error: Call to undefined function ereg() in E:\Inetpub\transp-or.epfl.ch\web\oneMarcXML.php:230
Stack trace:
#0 {main}
  thrown in <b>E:\Inetpub\transp-or.epfl.ch\web\oneMarcXML.php</b> on line <b>230</b><br />
